100 acteurs français - Statistiques

Statistiques générales
  • Ce quiz a été pris 362 fois
  • Le résultat moyen est 50 sur 100
Statistiques - réponses
Par images Réponse % Correct
Louis De Funès
99%
Gérard Depardieu
98%
Dany Boon
93%
Pierre Niney
93%
Christian Clavier
92%
Jamel Debbouze
92%
Jean Dujardin
92%
Jean Reno
91%
Alain Chabat
90%
Jean-Paul Belmondo
88%
Patrick Bruel
88%
Bourvil
86%
Gérard Jugnot
84%
Kev Adams
84%
Omar Sy
84%
Franck Dubosc
83%
Vincent Cassel
83%
Alain Delon
82%
Elie Semoun
78%
François Civil
78%
Thierry Lhermitte
78%
Gérard Darmon
77%
Gad Elmaleh
76%
Guillaume Canet
76%
Kad Merad
76%
Michel Blanc
74%
Didier Bourdon
73%
François Cluzet
73%
Jean-Paul Rouve
72%
Jonathan Cohen
72%
Pierre Richard
66%
Gilles Lellouche
65%
Daniel Auteuil
64%
Philippe Lacheau
64%
Claude Rich
63%
Fernandel
63%
Clovis Cornillac
61%
Jean-Pierre Bacri
59%
Fabrice Luchini
56%
Edouard Baer
54%
Jean Gabin
54%
Jacques Villeret
53%
Romain Duris
53%
Raphaël Quénard
52%
Pascal Légitimus
51%
Franck Gastambide
50%
Jean Rochefort
49%
Michel Galabru
48%
Laurent Lafitte
46%
Vincent Lindon
46%
Gérard Lanvin
45%
Claude Brasseur
44%
Mathieu Kassovitz
44%
Bernard Campan
43%
Sami Nacéri
43%
Gaspard Ulliel
42%
Tarek Boudali
42%
Vincent Lacoste
42%
Richard Anconina
41%
Arnaud Ducret
40%
François Berléand
40%
Lambert Wilson
38%
Pierre Arditi
38%
Yves Montand
34%
Francis Huster
33%
Richard Berry
33%
Albert Dupontel
32%
Lorant Deutsch
32%
Yvan Attal
32%
André Dussolier
31%
Benoit Magimel
31%
Bernard Blier
31%
Guillaume De Tonquédec
31%
Michel Boujenah
31%
Jean-Pierre Darroussin
30%
Jean Lefebvre
29%
Patrick Dewaere
29%
Daniel Prévost
26%
Frédéric Diefenthal
26%
Philippe Noiret
25%
Michel Serrault
24%
Jean-Baptiste Maunier
23%
Vincent Elbaz
23%
Guy Marchand
21%
Jean Carmet
20%
Jean-Pierre Marielle
20%
Martin Lamotte
20%
Pierre Mondy
20%
Francis Perrin
19%
Antoine Duléry
18%
Michel Piccoli
17%
Richard Bohringer
17%
Jean-Louis Trintignant
14%
Julien Arruti
14%
Eric Elmosnino
13%
Henri Guybet
12%
Jean-Luc Anglade
11%
Patrick Chesnais
11%
Bernard Farcy
10%
Pascal Elbé
8%
Aucun quiz correspondant
Distribution des résultats
% des personnes avec chaque résultat
Percentile par nombre de réponses
Votre historique - résultats
Vous n’avez pas pris ce quiz